LOTR The stone troll Part 2 Quiz Stats

 Plays Quiz not verified by Sporcle

Challenge
Share
Tweet
Embed
Score 0/209 Timer 15:00
0 Plays Today
Verse Answer % Correct
the
94.7%
the
94.7%
the
94.7%
the
94.7%
the
94.7%
the
94.7%
the
94.7%
the
94.7%
the
94.7%
the
94.7%
the
94.7%
a
84.2%
A
84.2%
a
84.2%
A
84.2%
a
84.2%
a
84.2%
Troll,
73.7%
troll
73.7%
troll
73.7%
Troll
73.7%
Troll
73.7%
he
68.4%
He
68.4%
he
68.4%
he
68.4%
he
68.4%
he
68.4%
he
68.4%
and
63.2%
and
63.2%
and
63.2%
to
63.2%
And
63.2%
to
63.2%
to
63.2%
is
63.2%
and
63.2%
to
63.2%
it.
63.2%
it!
63.2%
it!
63.2%
And
63.2%
it.
63.2%
is
63.2%
is
63.2%
is
63.2%
And
63.2%
And
63.2%
o'
57.9%
o'
57.9%
o'
57.9%
of
57.9%
o'
57.9%
Of
57.9%
in
57.9%
of
57.9%
its
52.6%
its
52.6%
will
47.4%
on
47.4%
on
47.4%
his
47.4%
his
47.4%
had
47.4%
Tom
47.4%
him.
47.4%
him!
47.4%
him!
47.4%
on
47.4%
Verse Answer % Correct
Tom
47.4%
him.
47.4%
him
47.4%
Tom
47.4%
his
47.4%
his
47.4%
there
47.4%
v5'For
42.1%
eat
42.1%
bit
42.1%
meat
42.1%
was
42.1%
be
42.1%
stone
42.1%
bone
42.1%
that
42.1%
hills
42.1%
For
42.1%
for
42.1%
bone
42.1%
bone
42.1%
too,
36.8%
gnaw
36.8%
go
36.8%
See
36.8%
old
36.8%
as
36.8%
Would
36.8%
As
36.8%
your
36.8%
mountain's
36.8%
when
36.8%
from
36.8%
old
36.8%
from
36.8%
Old
36.8%
says
31.6%
'I'll
31.6%
thee
31.6%
fresh
31.6%
I'll
31.6%
my
31.6%
teeth
31.6%
thee
31.6%
now.
31.6%
Hee
31.6%
now!
31.6%
now!
31.6%
mind
31.6%
dine
31.6%
thee
31.6%
now.'
31.6%
hands
31.6%
hold
31.6%
could
31.6%
mind,
31.6%
gave
31.6%
boot
31.6%
boot
31.6%
v6But
31.6%
v7But
31.6%
alone.
31.6%
boot
31.6%
don't
31.6%
could
31.6%
v8Tom's
31.6%
leg
31.6%
foot
31.6%
But
31.6%
don't
31.6%
Verse Answer % Correct
care,
31.6%
he's
31.6%
With
31.6%
owner.
31.6%
Troll's
31.6%
owner!
31.6%
couple
26.3%
pins,'
26.3%
grins,
26.3%
thy
26.3%
shins.
26.3%
down
26.3%
sweet!
26.3%
try
26.3%
I'm
26.3%
bones
26.3%
I've
26.3%
thought
26.3%
dinner
26.3%
caught,
26.3%
found
26.3%
naught.
26.3%
slipped
26.3%
behind
26.3%
larn
26.3%
Warn
26.3%
Darn
26.3%
bump
26.3%
seat,
26.3%
thought,
26.3%
way
26.3%
larn
26.3%
harder
26.3%
than
26.3%
flesh
26.3%
sits
26.3%
well
26.3%
set
26.3%
root,
26.3%
seat
26.3%
feel
26.3%
Peel
26.3%
laughed,
26.3%
heard
26.3%
groan,
26.3%
knew
26.3%
toes
26.3%
feel
26.3%
game,
26.3%
came,
26.3%
bootless
26.3%
lasting
26.3%
lame;
26.3%
still
26.3%
boned
26.3%
Doner!
26.3%
seat
26.3%
still
26.3%
same,
26.3%
boned
26.3%
gnawing
21.1%
skins;
21.1%
just
21.1%
Before
21.1%
since
21.1%
home
21.1%
Boner!
21.1%
Heal
15.8%
tried
10.5%

You're not logged in!

Compare scores with friends on all Sporcle quizzes.
OR
Log In

You Might Also Like...

Show Comments

Extras

Created Jun 28, 2017ReportNominate
Tags:Poem Quiz, LOTR

Top Quizzes Today


Score Distribution

Your Account Isn't Verified!

In order to create a playlist on Sporcle, you need to verify the email address you used during registration. Go to your Sporcle Settings to finish the process.

Report this User

Report this user for behavior that violates our Community Guidelines.

Details: